| 000 | 00604nam a22002177a 4500 | ||
|---|---|---|---|
| 005 | 20211209103024.0 | ||
| 008 | 211209b ||||| |||| 00| 0 eng d | ||
| 020 | _a8122005594 | ||
| 040 | _cAL | ||
| 041 | _aeng | ||
| 082 |
_223 _a320.954 _bPANP |
||
| 100 |
_aV A Pai Panandiker _911399 |
||
| 245 | _aProblems of Governance in South Asia | ||
| 260 |
_aNew Delhi _bKonark Publishers Pvt Ltd. _c2000 |
||
| 300 |
_axxii,479 p. _bHB _c21x13 cm. |
||
| 365 |
_c₹ _d₹495.00 |
||
| 650 |
_aGovernance _911396 |
||
| 650 |
_aSouth Asia _911397 |
||
| 700 |
_aPANANDIKER (V A Pai) _911398 |
||
| 942 |
_2ddc _cGF |
||
| 999 |
_c220906 _d220906 |
||